AEternum "Sub Sole Nihil"

Titel: AEternum "Sub Sole Nihil" : The Influence of graphic prints and "Emblemata" on the sepulchral monuments by Andreas Schlüter in Poland
Verfasser:
In: Album amicorum, (2008), Seite 117-143
alle Artikel anzeigen
Veröffentlicht: 2008
Format: Aufsatz
Sprache: Polnisch
Kein Bild verfügbar
X
alg: 39438458
001A    $01999:12-11-16 
001B    $01999:29-05-21 $t17:48:42.000 
001D    $01999:12-11-16 
001U    $0utf8 
001X    $00 
002@    $0Aox 
003@    $039438458X 
007A    $039438458X $aHEB 
007T    $0Herdkk00042369 
010@    $apol 
011@    $a2008 
021A    $aAEternum "Sub Sole Nihil" $dThe Influence of graphic prints and "Emblemata" on the sepulchral monuments by Andreas Schlüter in Poland 
028A    $aKandt $dKevin E. 
031A    $h117-143 $j2008 
039B    $aIn $8--Aau--. Album amicorum. - Toruń : Wydawnictwo Naukowe Uniwersytetu Mikołaja Kopernika, 2008. - 407 S.. - Ill.. - ISBN 83-231-2205-9 $x200800000000000883 $9366207512 
045F    $a929.09438 $eDDC23BSB 
045F/01 $a929 
045F/03 $g438 

lok: 39438458 78

exp: 39438458 78 1 #EPN
201B/01 $029-11-19 $t22:40:47.000 
201U/01 $0utf8 
203@/01 $0790495090 
208@/01 $a12-11-16 $be 
209A/01 $a/ $f000 $x00 
220C/01 $aHerkunft: PBB/IH PAN 
244Z/01 $2Trx $#Poola $#Lenkija $#Polija $#Polen Land $#Poland $#Lengyelország $#Poľsko $#Polsko $8--Trx--Polska$gkraj $x01 $9391345966 
244Z/01 $#Schlüter, Andreas $#Schlütter, Andreas $#Schlüter, Andrzej $711860841X $8--Tp1--Schlüter, Andreas$Z1660-1714 $x02 $9086949381 
244Z/01 $2Trx $#kujurid $#skulptoriai $#sculptors $#szobrász $#rzeźbiarze $#sochári $#sochaři $8--Trx--Bildhauer $x03 $9391358618 
244Z/01 $2Trx $#arhitektid $#architektai $#architects $#épitészek $#architekci $#architekti $#architekti $8--Trx--Architekten $x04 $9391365967 
244Z/01 $2Trx $#hauakunst $#antkapiai $#art, sepulchral $#temetkezési kultúra $#sztuka sepulkralna $#umenie sepulkrálne $#umění sepulkrální $#Grabmäler $#Kunst, sepulkrale $#Tombs $#nagrobki $#kamene pamätné $#náhrobky $#kameny pamětní $#náhrobky $8--Trx--Sepulkralkunst $x05 $9391355228 
244Z/01 $2Trx $8--Trx--Einzelbeiträge $x06 $9391384570 
245Z/01 $a12.03 $x01 
245Z/01 $a11.10 $x02 
247C/01 $82080>Marburg/Lahn, Herder-Institut, Forschungsbibliothek, Bibliographieportal $9336309341
LEADER 00000caa a22000002c 4500
001 39438458X
003 DE-603
005 20210529174842.0
007 tu
008 161112s2008 xx |||| | u00||u|pol c
035 |a (DE-599)HEB39438458X 
040 |a DE-603  |b ger  |c DE-603  |d DE-603 
041 |a pol 
082 0 4 |8 1\u  |a 929.09438  |q DE-101  |2 23/BSB 
085 |8 1\u  |b 929 
085 |8 1\u  |z 2  |s 438 
100 1 |a Kandt, Kevin E. 
245 0 0 |a AEternum "Sub Sole Nihil"  |b The Influence of graphic prints and "Emblemata" on the sepulchral monuments by Andreas Schlüter in Poland 
264 0 |c 2008 
773 0 8 |i In  |t Album amicorum  |d Toruń : Wydawnictwo Naukowe Uniwersytetu Mikołaja Kopernika, 2008  |h 407 S., Ill.  |z 8323122059  |z 9788323122050  |g (2008), Seite 117-143  |w (DE-603)366207512 
924 0 |9 2080  |a (DE-603)790495090  |b DE-2080  |c HES  |d d  |g /